Amec Developments Ltd v Jury's Hotel Management (UK) Ltd (Record no. 66190)
[ view plain ]
| 000 -LEADER | |
|---|---|
| fixed length control field | 01378cam a2200253 4500 |
| 001 - CONTROL NUMBER | |
| control field | ABS63601 |
| 008 - FIXED-LENGTH DATA ELEMENTS--GENERAL INFORMATION | |
| fixed length control field | 000000n2001 000 0 eng u |
| 035 ## - SYSTEM CONTROL NUMBER | |
| System control number | (Sirsi) u111101 |
| 245 ## - TITLE STATEMENT | |
| Title | Amec Developments Ltd v Jury's Hotel Management (UK) Ltd |
| 260 ## - PUBLICATION, DISTRIBUTION, ETC. | |
| Date of publication, distribution, etc. | 2001 |
| 490 ## - SERIES STATEMENT | |
| Series statement | Estates Gazette Law Reports |
| Volume/sequential designation | [2001] 07 EG 163-171(9) |
| 520 ## - SUMMARY, ETC. | |
| Summary, etc. | ChD 17 November 2000. Claimant A had the benefit of a restrictive covenant against the construction of any building nearer to its property than a line between A and B specified on a plan. In breach of the covenant the defendant J built a hotel 3.9 metres beyond the A-B line. In 1998 A started proceedings for an injunction and damages.The parties agreed that the claim was for damages in lieu of an injunction under Lord Cairns Act (Chancery Amendment Act 1858), and the appropriate measure of damages was a sum of money as might reasonably have been demanded as a quid pro quo for permitting the encrouchment. Damages of £375,000 awarded. |
| 590 ## - LOCAL NOTE (RLIN) | |
| Local note | ABS |
| 650 ## - SUBJECT ADDED ENTRY--TOPICAL TERM | |
| Topical term or geographic name entry element | RESTRICTIVE COVENANTS |
| 650 ## - SUBJECT ADDED ENTRY--TOPICAL TERM | |
| Topical term or geographic name entry element | ASSESSMENT OF DAMAGES |
| 650 ## - SUBJECT ADDED ENTRY--TOPICAL TERM | |
| Topical term or geographic name entry element | CHANCERY AMENDMENT ACT 1858 |
| 650 ## - SUBJECT ADDED ENTRY--TOPICAL TERM | |
| Topical term or geographic name entry element | BUILDING LINE |
| 650 ## - SUBJECT ADDED ENTRY--TOPICAL TERM | |
| Topical term or geographic name entry element | DAMAGES |
| 650 ## - SUBJECT ADDED ENTRY--TOPICAL TERM | |
| Topical term or geographic name entry element | ENCROACHMENT |
| 650 ## - SUBJECT ADDED ENTRY--TOPICAL TERM | |
| Topical term or geographic name entry element | BREACH OF COVENANT |
| 650 ## - SUBJECT ADDED ENTRY--TOPICAL TERM | |
| Topical term or geographic name entry element | AMEC DEVELOPMENTS LTD V JURY'S HOTEL MANAGEMENT (UK) LTD |
| 690 ## - LOCAL SUBJECT ADDED ENTRY--TOPICAL TERM (OCLC, RLIN) | |
| Topical term or geographic name as entry element | PROPERTY AND LAND LAW-CASE LAW |
| 942 ## - ADDED ENTRY ELEMENTS (KOHA) | |
| Suppress in OPAC | 0 |
| Withdrawn status | Lost status | Source of classification or shelving scheme | Damaged status | Not for loan | Home library | Current library | Shelving location | Date acquired | Total Checkouts | Full call number | Barcode | Date last seen | Copy number | Price effective from | Koha item type |
|---|---|---|---|---|---|---|---|---|---|---|---|---|---|---|---|
| Dewey Decimal Classification | London | London | Journal article | 22/02/2001 | ABS63601 | 111101-1001 | 06/08/2019 | 1 | 06/08/2019 | Law report |